Overwatch Champions Series Stage Winners - Statistics

General Stats
  • This quiz has been taken 10 times
  • The average score is 23 of 26
Answer Stats
Year Tournament Region Winner % Correct
2024 Stage 1 KOREA Crazy Raccoon
100%
2025 Stage 1 KOREA Crazy Raccoon
100%
2025 Stage 2 KOREA Crazy Raccoon
100%
2025 Stage 3 KOREA Crazy Raccoon
100%
2024 Stage 2 KOREA Team Falcons
100%
2025 Stage 2 CHINA Weibo Gaming
100%
2025 Stage 3 CHINA Weibo Gaming
100%
2026 Stage 1 CHINA Weibo Gaming
100%
2026 Stage 1 KOREA Zeta Division
100%
2026 Stage 1 NA Dallas Fuel
89%
2024 Stage 2 EMEA Spacestation Gaming
89%
2024 Stage 4 EMEA Spacestation Gaming
89%
2025 Stage 3 NA Team Liquid
89%
2024 Stage 1 EMEA Twisted Minds
89%
2025 Stage 3 EMEA Twisted Minds
89%
2026 Stage 1 EMEA Twisted Minds
89%
2025 Stage 2 EMEA Al Qadsiah
78%
2025 Stage 2 NA Geekay Esports
78%
2024 Stage 1 NA Toronto Defiant
78%
2024 Stage 2 NA Toronto Defiant
78%
2024 Stage 3 NA Toronto Defiant
78%
2024 Stage 4 NA Toronto Defiant
78%
2025 Stage 1 EMEA Virtus Pro
78%
2025 Stage 1 NA NTMR
67%
2025 Stage 1 CHINA Once Again
67%
2024 Stage 3 EMEA ENCE
56%
No matching quizzes found
Score Distribution
Percent of People with Each Score
Percentile by Number Answered
Your Score History
You have not taken this quiz